DON'T KILL THE PARTY - Ty Dolla $ign feat. Quavo (Full lyrics) - Statistics

General Stats
  • This quiz has been taken 11 times
  • The average score is 282 of 360
Answer Stats
Lyrics % Correct
a
100%
an
100%
be
100%
been
100%
Come
100%
do
100%
Don't
100%
don't
100%
get
100%
girl
100%
girl,
100%
got
100%
her
100%
her,
100%
I
100%
I'm
100%
it
100%
love
100%
me
100%
me,
100%
me"
100%
off
100%
on
100%
please
100%
see
100%
She
100%
she
100%
so
100%
The
100%
the–
100%
the
100%
the–,
100%
to
100%
too
100%
way
100%
When
100%
when
100%
who
100%
Who
100%
With
100%
with
100%
you
100%
your
100%
and
75%
ass
75%
attitude
75%
bad
75%
best
75%
callin'
75%
Callin'
75%
drank
75%
'em
75%
for
75%
geeked
75%
good
75%
ho
75%
is
75%
it's
75%
It's
75%
"It's
75%
just
75%
Just
75%
kill
75%
know
75%
Know
75%
most
75%
my
75%
need
75%
Ooh,
75%
pardon
75%
part
75%
party,
75%
right
75%
said,
75%
seas
75%
some
75%
swear
75%
that
75%
Turnt
75%
up,
75%
ain't
50%
bitch
50%
bitches
50%
body,
50%
cheap
50%
cuffed
50%
ecstasy,
50%
Fuck
50%
give
50%
gon'
50%
hips
50%
hoes
50%
home
50%
in
50%
Let's
50%
like
50%
liked
50%
lil'
50%
Lil'
50%
make
50%
out
50%
past
50%
push
50%
pussy
50%
respectfully
50%
show
50%
sight
50%
still
50%
talking
50%
Then
50%
then
50%
they
50%
tryna
50%
turned
50%
undressed
50%
walk
50%
wanna
50%
we
50%
beef
25%
Brand-
25%
bros
25%
clone
25%
clubs,
25%
E.T.
25%
fiend
25%
finna
25%
freak
25%
free,
25%
graffiti,
25%
hard
25%
hate
25%
I'ma
25%
leech,
25%
makin'
25%
mic
25%
never
25%
new
25%
nigga,
25%
Niggas
25%
outside,
25%
outside
25%
pace
25%
peelin'
25%
pint,
25%
pulled
25%
put
25%
Quavo
25%
receipts?
25%
recipe
25%
screamed
25%
sex
25%
sheets
25%
streets
25%
stuck
25%
throat?
25%
through
25%
watching
25%
wet
25%
yourself
25%
No matching quizzes found
Score Distribution
Percent of People with Each Score
Percentile by Number Answered
Your Score History
You have not taken this quiz